Proyección de la personalidad en el dibujo de la figura humana: un método de investigación de la personalidad
Tallennettuna:
| Päätekijät: | , |
|---|---|
| Aineistotyyppi: | Kirja |
| Kieli: | espanja |
| Julkaistu: |
La Habana
Cultural
1950
|
| Sarja: | Conferencias americanas en psicología, 25
|
| Aiheet: | |
| Tagit: |
Lisää tagi
Ei tageja, Lisää ensimmäinen tagi!
|
MARC
| LEADER | 00000nam a2200000 a 4500 | ||
|---|---|---|---|
| 001 | UCY6474 | ||
| 003 | CL-VaPUC | ||
| 008 | 950526e19500000CU |||||||||||||||||spa|d | ||
| 082 | 0 | 4 | |a 155.4 |b MAC |2 21 |
| 100 | |a Machover, Karen |e autora |9 336412 | ||
| 700 | |a Gutiérrez Rodríguez, José M |e author |9 337124 | ||
| 245 | 1 | 0 | |a Proyección de la personalidad en el dibujo de la figura humana: un método de investigación de la personalidad |
| 300 | |a 192 p | ||
| 942 | |c BK | ||
| 945 | |d 19950526 00:00:00 |a cmena | ||
| 260 | |a La Habana |b Cultural |c 1950 | ||
| 650 | 0 | |a Psicología |9 257863 | |
| 650 | 0 | |a Personalidad |9 307255 | |
| 650 | 0 | |a Niños |9 255605 | |
| 650 | 0 | |a Psicología del niño |9 307305 | |
| 650 | 0 | |a Psicoanálisis |9 265702 | |
| 650 | 0 | |a Dibujo |9 260181 | |
| 650 | 7 | |a INVESTIGACION PSICOLOGICA |2 CL-VaPUC |9 309030 | |
| 583 | |a last modification |c 19950526 00:00:00 |k Rodrigo Vera | ||
| 490 | 0 | |a Conferencias americanas en psicología, 25 | |
| 999 | |c 234039 |d 234037 | ||
| 952 | |0 0 |1 0 |4 0 |6 155_400000000000000_MAC_1950 |7 0 |8 P |9 239976 |a BIBEDU |b BIBEDU |c BIBEDU_PB |d 2019-11-18 |i 1510053 |o 155.4 MAC 1950 |p 1510053 |r 2024-01-25 |w 2019-11-18 |y BK |k EDU | ||